Business policy cases : strategic challenges of Malaysian companies

Bibliographic Details
Main Author: Poon, June M.L
Other Authors: Raja Azimah Ainuddin
Format: Book
Published: Singapore : McGraw Hill , 1992
Subjects:

MARC

LEADER 00000cam a2200000 7i4500
001 0000002132
002 000002328
005 20000330.0
020 |a 0071125019 
090 0 0 |a 658   |b POO 
100 1 |a Poon, June M.L 
245 1 0 |a Business policy cases :   |b strategic challenges of Malaysian companies   |c June M.L.Poon and Raja Azimah Ainuddin 
260 |a Singapore :   |b McGraw Hill ,   |c 1992 
300 |a 227p. ;   |c 25cm. 
650 0 0 |a Industry   |x Government policy   |z Malaysia 
700 0 |a Raja Azimah Ainuddin 
999 |a 026443   |b BUKU   |c PINJAMAN   |e PERPUSTAKAAN KOMUNITI PETALING JAYA 
999 |a 028231   |b BUKU   |c MALAYSIANA   |e PERPUSTAKAAN KOMUNITI PETALING JAYA